Statistics for First Lines of Songs #9

Click here to take the quiz!

General Stats

  • This quiz has been taken 119 times
  • The average score is 11 of 30

Answer Stats

Answer % Correct
The Beatles
76%
Let it be
76%
Katy Perry
75%
YMCA
71%
Bruno Mars
69%
Michael Jackson
68%
Thriller
67%
The Lazy song
63%
Village People
58%
Hot n' Cold
55%
U2
47%
With or without you
46%
Rasputin
39%
Eminem
34%
Boney M
32%
Stan
32%
Queen
31%
Radio Gaga
28%
Panic! at the Disco
20%
I write sins not tragedies
16%
Still loving you
16%
Scorpions
14%
Arctic Monkeys
14%
I bet you look good on the dancefloor
11%
The Sweet Escape
9%
Gwen Stefani
9%
Rod Stewart
8%
Blitzkrieg Bop
5%
The Ramones
5%
Da ya think I'm sexy?
3%

Score Distribution

Percentile by Number Answered

Percent of People with Each Score

Your Score History

You have not taken this quiz